<?xml version="1.0" encoding="UTF-8"?>
<record
    xmlns:xsi="http://www.w3.org/2001/XMLSchema-instance"
    xsi:schemaLocation="http://www.loc.gov/MARC21/slim http://www.loc.gov/standards/marcxml/schema/MARC21slim.xsd"
    xmlns="http://www.loc.gov/MARC21/slim">

  <leader>00665nam a22001937a 4500</leader>
  <controlfield tag="005">20240321143417.0</controlfield>
  <controlfield tag="008">240321b           ||||| |||| 00| 0 eng d</controlfield>
  <datafield tag="020" ind1=" " ind2=" ">
    <subfield code="a">9789353946791</subfield>
  </datafield>
  <datafield tag="040" ind1=" " ind2=" ">
    <subfield code="c">AIMIT LIBRARY</subfield>
  </datafield>
  <datafield tag="082" ind1=" " ind2=" ">
    <subfield code="2">3</subfield>
    <subfield code="a">006.3</subfield>
    <subfield code="b">NEGM</subfield>
  </datafield>
  <datafield tag="100" ind1=" " ind2=" ">
    <subfield code="a">Negnevitsky, Michael.</subfield>
    <subfield code="9">156048</subfield>
  </datafield>
  <datafield tag="245" ind1=" " ind2=" ">
    <subfield code="a">Artificial intelligence :</subfield>
    <subfield code="b">guide to intelligent systems /</subfield>
    <subfield code="c">By Michael Negnevitsky.</subfield>
  </datafield>
  <datafield tag="250" ind1=" " ind2=" ">
    <subfield code="a">3rd ed.</subfield>
  </datafield>
  <datafield tag="260" ind1=" " ind2=" ">
    <subfield code="a">Chennai :</subfield>
    <subfield code="b">Pearson India Education ,</subfield>
    <subfield code="c">2023.</subfield>
  </datafield>
  <datafield tag="300" ind1=" " ind2=" ">
    <subfield code="a">xx,479 p.;</subfield>
    <subfield code="b">PB</subfield>
    <subfield code="c">24.5 cm.</subfield>
  </datafield>
  <datafield tag="650" ind1=" " ind2=" ">
    <subfield code="a">Rule based expert systems</subfield>
    <subfield code="9">156049</subfield>
  </datafield>
  <datafield tag="650" ind1=" " ind2=" ">
    <subfield code="a">Uncertainty management in rule based expert systems</subfield>
    <subfield code="9">156050</subfield>
  </datafield>
  <datafield tag="942" ind1=" " ind2=" ">
    <subfield code="2">ddc</subfield>
    <subfield code="c">BK</subfield>
    <subfield code="e">3</subfield>
    <subfield code="k">006.3 NEGM</subfield>
  </datafield>
  <datafield tag="999" ind1=" " ind2=" ">
    <subfield code="c">230598</subfield>
    <subfield code="d">230598</subfield>
  </datafield>
  <datafield tag="952" ind1=" " ind2=" ">
    <subfield code="0">0</subfield>
    <subfield code="1">0</subfield>
    <subfield code="2">ddc</subfield>
    <subfield code="4">0</subfield>
    <subfield code="7">0</subfield>
    <subfield code="8">MCA</subfield>
    <subfield code="a">AIMIT</subfield>
    <subfield code="b">AIMIT</subfield>
    <subfield code="d">2024-03-07</subfield>
    <subfield code="e">Biblios Book Point</subfield>
    <subfield code="g">915.00</subfield>
    <subfield code="i">Bill no:8337; Bill dt:2024-03-04</subfield>
    <subfield code="l">0</subfield>
    <subfield code="o">006.3 NEGM</subfield>
    <subfield code="p">MCA17229</subfield>
    <subfield code="r">2025-07-21 00:00:00</subfield>
    <subfield code="v">732.00</subfield>
    <subfield code="w">2024-03-21</subfield>
    <subfield code="y">BK</subfield>
  </datafield>
</record>
